000 00824nam a2200241Ia 4500
999 _c57163
_d57163
001 14062
003 GE_BSU
005 20191213144908.0
008 181216s||||||||xx |||||||||||||| ||und||
020 _a9789941193460
040 _cGE_BSU
080 _a821.133.1-31
100 _aჰიუგო,ვიქტორ.
_95798
245 _aკაცი,რომელიც იცინის.ნ.1-ლი.
245 _cბაბილინა ხოსიტაშვილის თარგმანი;რედ:ლევან ინასარიძე.
260 _aთბილისი.
260 _bპალიტრა L.
260 _c2012
300 _a390გვ;22სმ.
541 _h12ლ.
653 _aკაცი,რომელიც იცინის.ნ.1-ლი.
942 _cBK
_2udc